| 000 | nam a22 a 4500 | ||
|---|---|---|---|
| 999 |
_c461388 _d461388 |
||
| 003 | BLK | ||
| 005 | 20220615135731.0 | ||
| 008 | 220414b bul|||||r ||||||| ||bul|| | ||
| 040 | _aBLK | ||
| 041 |
_aBUL _cBUL |
||
| 080 |
_aРуска литература _b821.161.1 _x-31 _z821.161.1-31 |
||
| 080 |
_aНемски философ, икономист и революционер _b929 Енгелс, Фридрих _z929 Енгелс, Фридрих |
||
| 100 |
_91299 _aСеребрякова, Галина Йосифовна _eпърви автор |
||
| 139 | _aСеребрякова, Галина Йосифовна | ||
| 245 | 1 | 0 |
_aПредшествие _bРоман [за живота на Фр. Енгелс] _cГалина Серебрякова; прев. от рус. Пелин Велков. |
| 257 | _aBGR | ||
| 260 |
_aСофия _bНар. култура _c1968 |
||
| 300 |
_a364 с. _b12 л. портр. _c21 см |
||
| 380 | _aX | ||
| 490 |
_aБиблиотека Световни образи _9203252 |
||
| 600 | 0 |
_aЕнгелс, Фридрих _9285187 |
|
| 650 | 7 |
_aЕнгелс, Фридрих _9154911 |
|
| 700 | 1 |
_aВелков, Пелин _eпрев. от рус. _9397341 |
|
| 852 |
_aЦб 45965 _bЦб |
||
| 942 |
_cKNG _n0 _2udc _s1 |
||
| 944 |
_aCR _c2022-06-15 _kСТ |
||